Detalles MARC
| 000 -ENCABEZADO |
| Número de control [NR] |
02066nam a2200325Ia 4500 |
| 005 - FECHA Y HORA DE LA ÚLTIMA TRANSACCIÓN |
| control field |
20200923112014.0 |
| 008 - DE LONGITUD FIJA DE DATOS DE ELEMENTOS - INFORMACIÓN GENERAL |
| Elementos de longitud fija [NR] |
130821s1660 fr a fr 1 lat |
| 040 ## - FUENTE DE CATALOGACION [NR] |
| Agencia de catalogación original [NR] |
7o-BoUCM |
| Idioma de catalogación [NR] |
spa |
| Quien Cataloga |
Sandra Yazo |
| Quien Clasifica |
Sandra Yazo |
| 041 0# - CODIGO DE IDIOMA [R] |
| Código de idioma para texto/pista de sonido o título separado [R] |
Latín |
| 082 04 - NUMERO DE CLASIFICACION DECIMAL DEWEY [R] |
| Número de clasificación [R] |
270 |
| Número de la edición [NR] |
20 |
| 092 ## - SIGNATURA TOPOGRAFICA LOCAL |
| Número de clasificación local |
E15N004 |
| 100 1# - ASIENTO PRINCIPAL--NOMBRE PERSONAL [NR] |
| Nombre personal [NR] |
Sponde, Henry de |
| Fechas asociadas con el nombre [NR] |
1568-1643 |
| ID Autoridad |
101156 |
| 242 00 - TRADUCCION DEL TITULO POR LA AGENCIA CATALOGADORA [R] |
| Título [NR] |
Compendio de los Anales de la Iglesia del Cardenal Presbítero de la Santa Iglesia Romana César Baronio por Enrique de Sponde. |
| Parte restante del título [NR] |
Tomo primero |
| Código de idioma del título traducido [NR] |
spa |
| 245 10 - MENCION DE TITULO [NR] |
| Título [NR] |
Henrici Spondani ... Epitome Analium Ecclesiasticorum Caesaris Baronii S. R. E. Presbyter Cardinalis ... |
| Parte restante del título [NR] |
Tomus Primus |
| 250 ## - MENCION DE EDICION [NR] |
| Mención de edición [NR] |
Editio postrema [Última edición] |
| 260 ## - PUBLICACION, DISTRIBUCION, ETC. (PIE DE IMPRENTA) [R] |
| Lugar de publicación, distribución, etc. [R] |
Lyon (Francia) |
| Nombre del editor, distribuidor, etc. [R] |
Sumptib. Ioannis Antonii Hugvetan & Marci Antonii Ravaud [A expensas de Juan Antonio Huguetan y Marco Antonio Ravaud] |
| Fecha de publicación, distribución, etc. [R] |
1660 |
| 300 ## - DESCRIPCION FISICA [R] |
| Extensión [R] |
([28], 724, [92] páginas) |
| Otros detalles físicos [NR] |
ilustraciones |
| 500 ## - NOTA GENERAL [R] |
| Nota general [NR] |
Detalles físicos: Ejemplar en buen estado de conservación. Encuadernación en pergamino. Conserva guardas y anteportada. Portada, impresa a dos colores, en diferentes tipos de letra y un grabado con el emblema de los editores. |
| 500 ## - NOTA GENERAL [R] |
| Nota general [NR] |
La edición en línea es otra impresión del mismo año, no tiene el mismo grabado. |
| 505 0# - NOTA DE CONTENIDO CON FORMATO PREESTABLECIDO [R] |
| Nota de contenido con formato preestablecido [NR] |
V. 1: Datos sobre el Cardenal César Baronio. ; Texto de los Anales. Desde el nacimiento del Hijo de Dios hasta el año 517: Papado de Hormisdas. Anastasio, emperador de Oriente; Teodorico, rey. |
| 506 ## - NOTA DE RESTRICCIONES DE ACCESO [R] |
| Condiciones de acceso [NR] |
Consulta en sala. |
| 546 ## - NOTA DE IDIOMA [R] |
| Nota de idioma [NR] |
Texto en latín. |
| 610 1# - ASIENTO SECUNDARIO DE MATERIA - NOMBRE CORPORATIVO [R] |
| Nombre corporativo o nombre de la jurisdicción como elemento de entrada [NR] |
Iglesia Católica |
| Subdivisión de forma [R] |
Cronología histórica |
| 9 (RLIN) |
7705 |
| 610 1# - ASIENTO SECUNDARIO DE MATERIA - NOMBRE CORPORATIVO [R] |
| Nombre corporativo o nombre de la jurisdicción como elemento de entrada [NR] |
Iglesia Católica |
| Subdivisión general [R] |
Historia |
| Subdivisión de forma [R] |
Anuarios |
| 9 (RLIN) |
7705 |
| 650 #7 - ASIENTO SECUNDARIO DE MATERIA - TERMINO TEMATICO [R] |
| Término temático o nombre geográfico como elemento de entrada [NR] |
Iglesia |
| Subdivisión general [R] |
Historia |
| 9 (RLIN) |
17148 |
| 650 #7 - ASIENTO SECUNDARIO DE MATERIA - TERMINO TEMATICO [R] |
| Término temático o nombre geográfico como elemento de entrada [NR] |
Teología |
| 9 (RLIN) |
25230 |
| 690 ## - ASUNTO AGREGADO LOCAL DE ENTRADA - TÉRMINO TEMÁTICO (OCLC, RLIN) |
| Acceso temático local |
Teología |
| 9 (RLIN) |
25230 |
| 856 41 - LOCALIZACION Y ACCESO ELECTRONICOS [R] |
| Nota dirigida al público [R] |
Disponible en línea, otra impresión del mismo año |
| Identificador Uniforme del Recurso (“URI”) [R] |
<a href="http://books.google.com/books?id=ddJ-pnLW0XkC&pg=PR9&dq=HENRICI+SPONDANI+Editio+postrema+mendis+1660&hl=es&ei=s66uTp-cLcr7ggfd2PHRDw&sa=X&oi=book_result&ct=result&resnum=3&ved=0CDcQ6AEwAg#v=onepage&q&f=false">http://books.google.com/books?id=ddJ-pnLW0XkC&pg=PR9&dq=HENRICI+SPONDANI+Editio+postrema+mendis+1660&hl=es&ei=s66uTp-cLcr7ggfd2PHRDw&sa=X&oi=book_result&ct=result&resnum=3&ved=0CDcQ6AEwAg#v=onepage&q&f=false</a> |
| 942 ## - ELEMENTOS DE ENTRADA AGREGADOS (KOHA) |
| Tipo de ítem principal el descrito en 300a |
Libro |
| Tema principal |
4 |
| Edición |
1 |
| Sistema de clasificación |
LOCAL |
| Clasificación |
E15N004 |